| 000 | 00780cam a22002293a 4500 | ||
|---|---|---|---|
| 001 | 15761 | ||
| 003 | PGUSA | ||
| 005 | 20140828083334.0 | ||
| 008 | 050503s2005||||xxu|||||s|||||000 | eng d | ||
| 040 |
_aPGUSA _beng |
||
| 042 | _adc | ||
| 050 | 4 | _aJV | |
| 100 | 1 |
_aWicksell, Knut, _d1851-1926 |
|
| 245 | 1 | 0 |
_aOm utvandringen, dess betydelse och orsaker : _bFöredrag, hållet i Stockholm den 25 och den 28 November samt i Upsala den 3 December 1881 _h[electronic resource] / _cKnut Wicksell |
| 260 |
_bProject Gutenberg, _c2005 |
||
| 506 | _aPublic domain in the USA. | ||
| 516 | _aElectronic text | ||
| 653 | _aSweden -- Emigration and immigration -- Economic aspects | ||
| 830 | 0 |
_aProject Gutenberg _v15761 |
|
| 856 | 4 | 0 | _uhttp://www.gutenberg.org/ebooks/15761 |
| 942 | _cEB | ||
| 999 |
_c245016 _d245016 |
||